000
00309nam a22001337a 4500
008
170922b xxu||||| |||| 00| 0 eng d
020
_a
9780316791120
041
_a
eng
080
_a
37
100
_a
46
101
_a
EDU
245
_a
THE ASSESSMENT OF LEARNING DISABILITIES
_c
SILVER, L.B
942
_2
udc
_c
BK
999
_c
29146
_d
29146